000 00536nam a2200193Ia 4500
005 20240913130032.0
008 240913s9999||||xx |||||||||||||| ||und||
041 _aENGLISH
082 _A618.9285506 N9
100 _aCaruso,Anthony J
245 0 _aClinical Management of Motor Speech Disorders in Children
250 _a1st
260 _c1999
_bThieme Publica
500 _aREFERENCE
650 _aAudiology Speech and Language Pathology
_bAllied Health Science
700 _a Strand,Edythe A
942 _cREF
999 _c246820
_d246820